000 01037nam0a22003251 4500
001 RU\INFOCOMM_327\NLR\5000002083
005 20250613103839.0
035 _a(NLR Aleph) 009482215
090 _a8594913
_c8594913
100 _a20121203d1975 |||y0rusy50 ca
101 0 _aeng
102 _aRU
105 _ay z |||||
200 1 _aOn Ψ-meson photoproduction
_fB. L. Ioffe, L. B. Okun and V. I. Zakharov
210 _aM.
_d1975
215 _a12 с.
_cсхем.
_d26 см
225 1 _aˆ[‰Preprint]
_fInst. of theoretical and experimental physics
_vITEP-26
320 _aБиблиогр.: с. 11
606 0 _aПен-мезоны
_xФоторождение
_2nlr_sh1
620 _aМосква
686 _aВ382.235
_2rubbk
700 1 _aIoffe
_bB. L.
_gBoris Lazarevič
701 1 _9z02790
_aOkun'
_bL. B.
_f1929-
_gLev Borisovič
701 1 _aZakharov
_bV. I.
790 1 _9z02701
_aOkun
_bL. B.
_4070
801 1 _aRU
_bNLR
_c20121203
801 0 _aRU
_bINFOCOMM
_gPSBO
852 _aNLR
_jФз01 Д-8/74
942 _cBOOK
980 _aNB